Guess the Genre of Music by the Song - Statistics

General Stats
  • This quiz has been taken 114 times
  • The average score is 7 of 10
Answer Stats
Song Music Genre % Correct
Hotel California Rock
96%
Blinding Lights Pop
94%
Lose Yourself Rap
83%
Black Sabbath Metal
80%
Gangnam Style K-Pop
73%
What a Wonderful World Jazz
72%
I Walk the Line Country
57%
The Four Seasons Classical
48%
Respect Soul
38%
Three Little Birds Reggae
31%
No matching quizzes found
Score Distribution
Percent of People with Each Score
Percentile by Number Answered
Your Score History
You have not taken this quiz